000 01257nam0a2200313 4500
001 RU\NLR\BIBL_A\011429880
005 20260406051129.0
010 _a9785883730756
_91000
021 _aRU
_b2017-42536
_93094
035 _a(RuMoRGB)008908505
035 _a(NLR Aleph) 011429880
090 _a11647661
_c11647661
100 _a20170630d2017 k y0rusy50 ca
101 0 _arus
102 _aRU
105 _a||||zzzz||0yd
200 1 _aГодъ 1917. Россия. Петроградъ
_eтрилогия о революционных событиях 1917 года
_fЮрий Помпеев
210 _aМосква
_cКанон+
_d2017
215 _a607 с.
_d25
300 _aНа 4-й с. обл. авт.: Ю. А. Помпеев, писатель-публицист, доктор по исторической культурологии, проф.
320 _aДр. произведения авт. на 4-й с. обл.
686 _aШ5(2=Р)64-644.8
_2rubbk
686 2 _aШ6(2=Р)75-442
700 1 _8rus
_7ca
_aПомпеев
_bЮ. А.
_f1938-
_gЮрий Александрович
_3RU\NLR\AUTH\776484
_9116438
942 _cBOOK
980 _aNBR